Competition and technological change in the television industry : An empirical evaluation of theories of the firm

This book does not, like that of Nelson and Winter, attemp to develop an alternative theory of the firm to supplement the increasingly inadequate traditional theory. It has the more modest objective of testing out several alternative theories in the light of the historical evidence from one industri...

詳細記述

保存先:
書誌詳細
第一著者: Arnold, Erik
フォーマット: 図書
言語:Undetermined
出版事項: London Macmillan 1985
主題:
タグ: タグ追加
タグなし, このレコードへの初めてのタグを付けませんか!
Thư viện lưu trữ: Trung tâm Học liệu Trường Đại học Cần Thơ
LEADER 00978nam a2200205Ia 4500
001 CTU_229135
008 210402s9999 xx 000 0 und d
082 |a 338.7621388 
082 |b A752 
100 |a Arnold, Erik 
245 0 |a Competition and technological change in the television industry : 
245 3 |b An empirical evaluation of theories of the firm 
245 0 |c Erik Arnold ; Foreword by Christopher Freeman 
260 |a London 
260 |b Macmillan 
260 |c 1985 
520 |a This book does not, like that of Nelson and Winter, attemp to develop an alternative theory of the firm to supplement the increasingly inadequate traditional theory. It has the more modest objective of testing out several alternative theories in the light of the historical evidence from one industries. 
650 |a Công nghiệp cung cấp truyền hình,Television supplies industry 
910 |b dqhieu 
980 |a Trung tâm Học liệu Trường Đại học Cần Thơ